00395 2200169 4500245003700000020002200037250001100059100001500070700001700085650001700102005001900119260002900138041001400167084000800181300002700189336000900216 aMalik & Elsa 2cBoy CandrahText a978-979-794-590-9 aCet. 1 aBoy Candra aFenisa Zahra aNovel Remaja a20240126081648 aJakartabMediakitac2019 aIndonesia a813 aiv, 188 hlm. :c19 cm. atext